Statistiques concernant Qui est cette personne célèbre ?

Cliquez ici pour prendre le quiz!

Statistiques générales

  • Ce quiz a été pris 150 fois
  • Le résultat moyen est 6 sur 15

Statistiques - réponses

Réponse% Correct
Mona Lisa
90%
Hillary Clinton
83%
Mark Zuckerberg
77%
Voltaire
66%
Mick Jagger
57%
George Sand
44%
Isaac Newton
44%
Michael Phelps
35%
Stendhal
26%
Catherine de Médicis
24%
Aung San Suu Kyi
18%
Antoine de Saint-Exupéry
16%
Friedrich Nietzsche
11%
Johannes Vermeer
8%
Marco Polo
2%

Distribution des résultats

Percentile par nombre de réponses

% des personnes avec chaque résultat

Votre développement - résultats

Vous n’avez pas pris ce quiz